000 00781nam a2200241 i 4500
001 bg
100 1 _aBODNAR, Adam
245 1 0 _aWytrzymałość materiałów :
_bpodręcznik dla studentów wyższych szkół technicznych /
_cAdam Bodnar ; Politechnika Krakowska im. Tadeusza Kościuszki.
260 _aKraków :
_bPK,
_c2003.
300 _a306 s. :
_brys. ;
_c24 cm.
504 _aBibliogr.
650 9 _aWytrzymałość materiałów
650 9 _aNaprężenia i odkształcenia
655 _aPodręczniki akademickie
710 0 _aPolitechnika Krakowska im. Tadeusza Kościuszki
020 _a8372422605
040 _cBPK
041 0 _apol
080 _a539.3/.6:620.17](075.8)
920 _a83-7242-260-5
942 _cKS
008 s pl f |000 0 pol
999 _c43256
_d43256
856 _uhttp://koha.tu.koszalin.pl/cgi-bin/koha/opac-detail.pl?biblionumber=43256
_yKatalog online BPK